000 00831pam a2200265 a 4500
001 13740
003 BD-RjUL
005 20211208235514.0
008 140201r20112007ii 000 0 eng d
020 _a9780195698350 (pbk.)
020 _a0195698355 (pbk.)
035 _a(Uk)014845859
_a(BD-RjUL)13792
040 _aStDuBDS
_beng
_cStDuBDS
_dUk
_dBD-RjUL
041 _aeng
082 0 4 _a297.0954
_222
_bROI 2011
100 1 _aRobinson, Francis.
_942990
245 1 0 _aIslam, South Asia, and the West /
_cFrancis Robinson.
260 _aDelhi ;
_aOxford :
_bOxford University Press,
_cc2007 [Impression 2011]..
300 _avi, 308 p. ;
_c21 cm.
490 1 _aOxford India Paperbacks
500 _aIncludes index.
650 0 _aIslam
_zSouth Asia
_xHistory.
_942991
830 0 _aOxford India paperbacks
_942993
942 _2ddc
_cBK
999 _c13740
_d13740